Ανορθόδοξοι πόλεμοι : Μακεδονία, Εμφύλιος, Κύπρος
Saved in:
| Other Authors: | , , |
|---|---|
| Format: | Book |
| Language: | Greek |
| Published: |
Αθήνα :
Πατάκης,
2010.
|
| Series: | Νεότερη και σύγχρονη ιστορία (Πατάκης)
30 |
| Subjects: | |
| Tags: |
Add Tag
No Tags, Be the first to tag this record!
|
MARC
| LEADER | 00000cam a2200000 i 4500 | ||
|---|---|---|---|
| 001 | 1/14031 | ||
| 008 | 110630s2010 gr | ||| |||| ||gre|| | ||
| 020 | |a 9789601633732 | ||
| 035 | |l 10110421 | ||
| 040 | |a GR-MyUa |b gre |e AACR2 | ||
| 041 | 0 | |a gre | |
| 082 | 7 | |a 938.664 |2 (22) | |
| 245 | 0 | 0 | |a Ανορθόδοξοι πόλεμοι : |b Μακεδονία, Εμφύλιος, Κύπρος / |c επιμέλεια: Βασίλης Κ. Γούναρης, Στάθης Ν. Καλύβας, Ιωάννης Δ. Στεφανίδης. |
| 260 | |a Αθήνα : |b Πατάκης, |c 2010. | ||
| 300 | |a 469 σ. ; |c 24 εκ. | ||
| 490 | 1 | |a (Νεότερη και σύγχρονη ιστορία / Πατάκης ; |v 30) | |
| 504 | |a Περιέχει βιβλιογραφικές παραπομπές. | ||
| 651 | 0 | |a Macedonia |x History |y 1878-191. | |
| 650 | 0 | |a World War, 1939-1945 |x Underground movements |z Greece. | |
| 651 | 0 | |a Greece |x History |y Civil War, 1944-1949. | |
| 651 | 0 | |a Cyprus |x History |y War for Union with Greece, 1955-1959. | |
| 700 | 1 | |a Γούναρης, Βασίλης Κ. |e edt | |
| 700 | 1 | |a Καλύβας, Στάθης Ν., |d 1964- |e edt | |
| 700 | 1 | |a Στεφανίδης, Ιωάννης Δ. |e edt | |
| 830 | 0 | |a Νεότερη και σύγχρονη ιστορία (Πατάκης) |v 30 | |
| 852 | |a INST |b LESVOS |e 20120313 |h 938.664 ΑΝΟ |p 005100050666 |q 005100050666 |t BK |y 0 | ||
| 852 | |a INST |b RHODES |e 20110630 |h 938.664 ΑΝΟ |p 005400033101 |q 005400033101 |t BK |y 0 | ||
| 901 | |a BIBL4-2011-2 | ||
| 901 | |a BIBL1-2012-1 | ||
| 970 | |a ΚΟΝΤΗ |b ΜΑΙΡΗ |z 2011/05/ | ||